La ciencia como herejía /

Guardado en:
Detalles Bibliográficos
Autor principal: López Campillo, Antonio (autor)
Formato: Libro
Idioma:Español
Publicado: Madrid, España : Endymion, 1998, c1998
Colección:(Ensayo ; 118)
Temas:
Etiquetas: Agrega una etiqueta
Sin etiquetas, Sé el primero en etiquetar este registro!

MARC

LEADER 00000nam^a2200000^a^4500
001 000067476
005 20250521000000.0
009 20260310091254.019
020 |a 84-7731-291-5 
037 |a Acervo ITESO - Biblioteca 
041 |a ESP 
082 |a 121.  |b LOP 
100 |a López Campillo, Antonio  |e (autor) 
245 1 3 |a La ciencia como herejía /  |c A. López Campillo. 
264 4 |a Madrid, España :  |b Endymion,  |c 1998, c1998 
300 |a 296 p. 
336 |a texto  |b txt  |2 rdacontenido 
337 |a sin mediación  |b n  |2 rdamedio 
338 |a volumen  |b nc  |2 rdasoporte 
440 1 |a (Ensayo ;  |v 118) 
649 |a XX 
650 |a Epistemología 
650 |a Ciencia -  |x Historia 
910 |a Fondo General 
920 |a Impresos - Libros 
930 |a Colección General 
905 |a 101 
901 |a 0500022734  |b IT1  |c ACC  |u 20250521 
902 |a https://opac.biblio.iteso.mx/vufind/Record/000067476